| 000 | 00698nam a2200229Ia 4500 | ||
|---|---|---|---|
| 003 | IN-BaIIA | ||
| 008 | 211028s9999 xx 000 0 eng d | ||
| 020 | _a0-07-135408-5 | ||
| 040 | _cIIA Library | ||
| 080 |
_a(035)535 _bBAS |
||
| 245 | 0 |
_aHandbook of optics _bvol. 3, classical optics, vision optics, X-ray optics _cedited by M. Bass… [et al.] |
|
| 250 | _a2nd ed. | ||
| 260 |
_aNew York _bMcGraw-Hill _c2001 |
||
| 300 | _a[various pagings.] | ||
| 650 | _aoptics | ||
| 650 |
_aoptics handbook _910525 |
||
| 700 |
_aBass, M., ed. _924951 |
||
| 700 |
_aEnoch, Jay M., ed. _924952 |
||
| 700 |
_aVan Stryland, Eric W., ed. _924953 |
||
| 700 |
_aWilliams, David R., ed. _924954 |
||
| 942 | _cBK | ||
| 999 |
_c14175 _d14175 |
||